Using statistics to understand the environment / (Record no. 9018)

MARC details
000 -LEADER
fixed length control field 01021cam a22002894a 4500
001 - CONTROL NUMBER
control field 11767412
003 - CONTROL NUMBER IDENTIFIER
control field OSt
005 - DATE AND TIME OF LATEST TRANSACTION
control field 20240628115935.0
008 - FIXED-LENGTH DATA ELEMENTS--GENERAL INFORMATION
fixed length control field 990727s2000 enka b 001 0 eng
010 ## - LIBRARY OF CONGRESS CONTROL NUMBER
LC control number 99040009
020 ## - INTERNATIONAL STANDARD BOOK NUMBER
International Standard Book Number 0415198879
020 ## - INTERNATIONAL STANDARD BOOK NUMBER
International Standard Book Number 0415198887
040 ## - CATALOGING SOURCE
Original cataloging agency DDC
Transcribing agency MUST
042 ## - AUTHENTICATION CODE
Authentication code pcc
082 00 - DEWEY DECIMAL CLASSIFICATION NUMBER
Classification number 333.7 WHE 2002
Edition number 20
100 1# - MAIN ENTRY--PERSONAL NAME
Personal name Wheater, C. Philip,
9 (RLIN) 18336
245 10 - TITLE STATEMENT
Title Using statistics to understand the environment /
Statement of responsibility, etc. C. Philip Wheater and Penny A. Cook ; illustrated by Jo Wright.
260 ## - PUBLICATION, DISTRIBUTION, ETC. (IMPRINT)
Place of publication, distribution, etc. London ;
-- New York :
Name of publisher, distributor, etc. Routledge,
Date of publication, distribution, etc. 2000.
300 ## - PHYSICAL DESCRIPTION
Extent xxiv, 245p.:
Other physical details ill.;
Dimensions 26 cm.
440 #0 - SERIES STATEMENT/ADDED ENTRY--TITLE
Title Routledge introductions to environment series
9 (RLIN) 18007
504 ## - BIBLIOGRAPHY, ETC. NOTE
Bibliography, etc Includes bibliographical references and index.
650 #0 - SUBJECT ADDED ENTRY--TOPICAL TERM
Topical term or geographic name as entry element Statistics.
9 (RLIN) 1274
650 #0 - SUBJECT ADDED ENTRY--TOPICAL TERM
Topical term or geographic name as entry element Environmental sciences
General subdivision Statistical methods.
9 (RLIN) 18337
700 1# - ADDED ENTRY--PERSONAL NAME
Personal name Cook, Penny A.,
Dates associated with a name 1971-
9 (RLIN) 18338
856 42 - ELECTRONIC LOCATION AND ACCESS
Materials specified Publisher description
Uniform Resource Identifier <a href="http://www.loc.gov/catdir/enhancements/fy0649/99040009-d.html">http://www.loc.gov/catdir/enhancements/fy0649/99040009-d.html</a>
942 ## - ADDED ENTRY ELEMENTS (KOHA)
Source of classification or shelving scheme Dewey Decimal Classification
Koha item type Open Shelf
Holdings
Withdrawn status Lost status Source of classification or shelving scheme Damaged status Not for loan Home library Current library Source of acquisition Inventory number Total Checkouts Full call number Barcode Date last seen Koha item type
    Dewey Decimal Classification     MUST Main Library MUST Main Library Donation 03/18662   333.7 WHE 2002 2024-21614 28/06/2024 Open Shelf